Zamanath and other stories / (Record no. 24978)

MARC details
000 -LEADER
fixed length control field 00876nam a22002297a 4500
008 - FIXED-LENGTH DATA ELEMENTS--GENERAL INFORMATION
fixed length control field 090306t xxu||||| |||| 00| 0 eng d
010 ## - LCCN (DPL NO)
LC control number ENG-93125
020 ## - INTERNATIONAL STANDARD BOOK NUMBER
Terms of availability 150.00
035 ## - SYSTEM CONTROL NUMBER
System control number EN-76658
037 ## - SOURCE OF ACQUISITION
Source of stock number/acquisition DBAD / PUB
040 ## - CATALOGING SOURCE
Original cataloging agency dpl
Language of cataloging English
082 ## - DEWEY DECIMAL CLASSIFICATION NUMBER
Classification number S
100 ## - MAIN ENTRY--PERSONAL NAME
Personal name Mangari Rajender ' Zimbo'
245 ## - TITLE STATEMENT
Title Zamanath and other stories /
Statement of responsibility, etc by Mangari Rajender ' Zimbo'; translated from the Telugu by T. Sreenivasa Reddy
260 ## - PUBLICATION, DISTRIBUTION, ETC. (IMPRINT)
Place of publication, distribution, etc Hyderabad
Name of publisher, distributor, etc Prose Poetry Forum
Date of publication, distribution, etc 2006
270 ## - ADDRESS
Address 305, Soundarya Residency, St. no. 8, Himayathnagar,
City Hyderabad
Postal code 5000029
300 ## - PHYSICAL DESCRIPTION
Extent 127p.:
Dimensions 21cm (pbk)
Other physical details ill.
500 ## - GENERAL NOTE
General note Includes glossary.
700 ## - ADDED ENTRY--PERSONAL NAME
Personal name Reddy, T. Sreenivasa
942 ## - ADDED ENTRY ELEMENTS (KOHA)
Source of classification or shelving scheme Dewey Decimal Classification
Item type English Books
Call number suffix MAN
Classification part S
Holdings
Withdrawn status Lost status Source of classification or shelving scheme Damaged status Not for loan Collection code Home library Current library Date acquired Source of acquisition Cost, normal purchase price Total Checkouts Full call number Barcode Date last seen Copy number Cost, replacement price Koha item type
    Dewey Decimal Classification   Not For Loan Non-fiction D.B.Act.Division D.B.Act.Division 06/03/2009 DBAD / PUB 150.00   S MAN EN-76658 06/03/2009 1 150.00 English Books

© Delhi Public Library
Hit Counter
free hit counter